Normal view
MARC view
Entry Término temático
001 - NÚMERO DE CONTROL
- campo de control: 154623
003 - IDENTIFICADOR DEL NÚMERO DE CONTROL
- campo de control: OSt
005 - FECHA Y HORA DE LA ÚLTIMA TRANSACCIÓN
- campo de control: 20220127160424.0
008 - DATOS DE LONGITUD FIJA
- campo de control de longitud fija: 220127|| aca||aabn | a|a d
040 ## - FUENTE DE LA CATALOGACIÓN
- Centro catalogador/agencia de origen: OSt
- Centro/agencia transcriptor: OSt
150 ## - ENCABEZAMIENTO--TÉRMINO DE MATERIA
- Término de materia o nombre geográfico como elemento de entrada: Accounting
670 ## - FUENTE DE DATOS ENCONTRADOS
- Cita de la fuente: Work cat.: (OSt)173868: Lara Flores, Elías 64839, Primer curso de contabilidad : contiene el cálculo y registro contable del IVA, ISTP, IMSS, SAR, INFONAVT, 2% sobre nóminas y pago de impuestos vía internet /, 2004
